| 000 | 00582nam a2200205Ia 4500 | ||
|---|---|---|---|
| 005 | 20231118121315.0 | ||
| 008 | 140110s9999 xx 000 0 und d | ||
| 020 |
_a9788178298849 _cRs 420 |
||
| 040 | _aLoreto College | ||
| 041 | _aEnglish | ||
| 082 |
_a323 _bSIN |
||
| 245 |
_aHuman Rights and Peace _cEdited by Ujjwal Kumar Singh |
||
| 250 | _a Ideas, laws, Institutions and movements | ||
| 300 | _axvii,345p | ||
| 504 | _aIncludes bibliographical references and index | ||
| 650 | _aHuman Rights | ||
| 700 | _aSingh, Ujjwal Kumar, ed | ||
| 850 | _aLCLIB | ||
| 942 | _cBK | ||
| 999 |
_c28876 _d79355 |
||